| 000 | 00629nam a2200193 a 4500 | ||
|---|---|---|---|
| 005 | 20140310183442.0 | ||
| 008 | 080630s19uu xx 00 eng d | ||
| 020 | _a0890420246 | ||
| 050 |
_aRC 455.2.C4 _b.D536 2000 |
||
| 245 | _aDiagnostic and statistical manual of mental disorders / | ||
| 250 | _a4th ed. | ||
| 260 |
_aArlington, VA : _bAmerican Psychiatric Association, _c2000. |
||
| 300 |
_a943 p. : _bill. ; _c25 cm. |
||
| 521 | _aPSYCH | ||
| 650 |
_aMental illness _xClassification _xHandbooks, manuals, etc. |
||
| 650 |
_aMental illness _xDiagnosis _xHandbooks, manuals, etc. |
||
| 942 |
_cBK _2lcc _kFOR |
||
| 999 |
_c23145 _d23145 |
||